LEADER 00973nam0-22003491i-450- 001 990000859880403321 005 20150629142301.0 010 $a2-7056-6024-0 035 $a000085988 035 $aFED01000085988 035 $a(Aleph)000085988FED01 035 $a000085988 100 $a20020821d1986----km-y0itay50------ba 101 0 $afre 102 $aFR 105 $ay-------001yy 200 1 $aAbregé d'histoire des mathématiques 1700-1900$fJean Dieudonné$gavec la collaboration de Pierre Dugac... [et e al.] 205 $aNouveau tirage 210 $aParis$cHermann$d1986 215 $aX, 517 p.$d24 cm 610 0 $aStoria della matematica 676 $a510.09 700 1$aDieudonné,$bJean$f<1906-1992> 701 1$aDugac,$bPierre 801 0$aIT$bUNINA$gRICA$2UNIMARC 901 $aBK 912 $a990000859880403321 952 $a02 50 F 20$b5837$fFINBN 952 $a02 116A$b8908$fFINBN 959 $aFINBN 962 $a00AXX 997 $aUNINA LEADER 01735oam 2200409 450 001 9910158613703321 005 20190911103515.0 010 $a1-4994-6535-1 035 $a(OCoLC)967982831 035 $a(MiFhGG)GVRL07XG 035 $a(EXLCZ)993710000001010273 100 $a20160806h20172017 uy 0 101 0 $aeng 135 $aurun|---uuuua 181 $ctxt$2rdacontent 182 $cc$2rdamedia 183 $acr$2rdacarrier 200 10$aHunting werewolves /$fGraeme Davis 210 1$aNew York :$cRosen Publishing,$d2017. 210 4$d?2017 215 $a1 online resource (84 pages) $cillustrations (some color) 225 1 $aMonster hunting 311 $a1-4994-6534-3 320 $aIncludes bibliographical references and index. 327 $aViral werewolves -- Shamanic werewolves -- Sorcerous werewolves -- Cursed werewolves -- Obsessive werewolves -- Werewolf society -- Werewolves at war -- Other were-creatures -- Werewolf hunters. 330 $aThis book reveals the huge variety of werewolf types, highlighting their strengths and weakness, and explaining the best methods to capture or kill each variety. It also tells the full history of werewolves and the role they have played in some of history's most significant events, especially their involvement in numerous wars. Finally, it covers the groups and societies devoted to hunting the creatures, whether for safety, study, or sport. 410 0$aMonster hunting. 606 $aWerewolves 615 0$aWerewolves. 676 $a398.2454 700 $aDavis$b Graeme$01244621 801 0$bMiFhGG 801 1$bMiFhGG 906 $aBOOK 912 $a9910158613703321 996 $aHunting werewolves$92887081 997 $aUNINA